000 00912caa a22002417a 4500
999 _c406959
_d406959
001 123397
003 UA-OsUOA
005 20191217184925.0
007 ta
008 20170614b un ||||| |||| 00| 0 ukr d
040 _aUA-OsUOA
_bukr
_cUA-OsUOA
_dUA-OsUOA
041 _aukr
080 _a908
090 _a908
_bР49
100 _aРибачок І.
245 _aСамоврядування міст Південно-Східної Волині в кінці XVI – першій половині XVIІ століття
_cІ. Рибачок
300 _aС. 76–87
650 7 _a908 Краєзнавство
_2UDC
773 0 _0360162
_9384710
_dОстрог Острозька друкарня 2010
_o131370
_tОстрозький краєзнавчий збірник
_w(UA-OsUOA) 73867
942 _cBKA
_2udc
955 _a1